00329nam a2200133Ia 4500008004100000020001500041041001200056100001900068245004300087250000800130260003900138300000800177650001000185221030s9999 xx 000 0 und d a9332586147 aEnglish aR. C. Hibbeler 0aStructural Analysiscby R. C. Hibbeler a9th bPearson EducationaNew Delhic2018 a691 aCivil